Ranking FIFA - Statistics

Statistiche generali
  • Questo quiz è stato fatto 160 volte
  • Il punteggio medio è 21 su 25
Statistiche sulle risposte
Posizione Squadra Punti Confederazione % Corretto
9 Italia 1731,51 UEFA
100%
1 Argentina 1867,25 CONMEBOL
98%
5 Brasile 1775,85 CONMEBOL
98%
2 Francia 1859,78 UEFA
98%
3 Spagna 1853,27 UEFA
97%
4 Inghilterra 1813,81 UEFA
96%
10 Germania 1703,79 UEFA
95%
8 Belgio 1740,62 UEFA
94%
6 Portogallo 1756,12 UEFA
94%
12 Colombia 1694,44 CONMEBOL
91%
7 Paesi Bassi 1747,55 UEFA
89%
11 Uruguay 1695,91 CONMEBOL
87%
16 Stati Uniti 1645,48 CONCACAF
85%
14 Marocco 1688,18 CAF
84%
19 Messico 1627,40 CONCACAF
84%
15 Giappone 1652,79 AFC
82%
20 Svizzera 1625,16 UEFA
82%
22 Austria 1589,84 UEFA
81%
13 Croazia 1691,59 UEFA
78%
24 Ecuador 1560,13 CONMEBOL
69%
17 Senegal 1637,25 CAF
69%
21 Danimarca 1611,49 UEFA
68%
23 Corea del Sud 1585,45 AFC
61%
25 Ucraina 1554,94 UEFA
60%
18 Iran 1635,31 AFC
40%
Nessun quiz corrispondente trovato
Distribuzione punteggi
Percentuale di utenti per punteggio
Percentile per numero di risposta
I tuoi punteggi nel tempo
Non hai fatto questo quiz